Vocabulari català-alemany de l'any 1502
Descripción Física:
XXXVIII, 203 p. ; 25 cm
Otros Autores:
Barnils, Pere
MARC
| LEADER | 00000nam a2200000Ia 4500 | ||
|---|---|---|---|
| 001 | 2346 | ||
| 003 | BGR | ||
| 005 | 20260324175704.0 | ||
| 008 | 160829s1916 xx 000 0 cat d | ||
| 080 | |a L-1-300 | ||
| 245 | |a Vocabulari català-alemany de l'any 1502 | ||
| 250 | |a Ed. facsímil | ||
| 260 | |a Barcelona : |b Institut d'Estudis Catalans, |c 1916 | ||
| 300 | |a XXXVIII, 203 p. ; |c 25 cm | ||
| 490 | |a Biblioteca filològica de l'Institut de la Llengua Catalana ; 7 | ||
| 590 | |a Text en català i alemany. | ||
| 590 | |a Edició segons l'únic exemplar conegut, acompanyada de la transcripció, d'un estudi preliminar i de registres alfabètics / per Pere Barnils | ||
| 650 | |a Català |x Diccionaris |x Alemany |x Obres anteriors a 1800 |9 37900 | ||
| 700 | |a Barnils, Pere |9 22913 | ||
| 710 | 2 | |a Institut d'Estudis Catalans |9 52284 | |
| 710 | 2 | |a Institut de la Llengua Catalana |9 71116 | |
| 901 | |a Arxiu | ||
| 942 | |n 1 |2 udc |c MON | ||
| 952 | |0 0 |1 0 |4 0 |6 L1300 |7 1 |9 48144 |a Arxiu |b Arxiu |d 2016-12-01 |l 0 |o L-1-300 |p 2346 |r 2016-12-01 00:00:00 |w 2016-12-01 |y ARXIU | ||
| 999 | |c 51947 |d 51947 | ||